| 000 | 00871cam a2200253 4500 | ||
|---|---|---|---|
| 008 | 000000n1998 000 0 eng u | ||
| 020 | _a0102847983 | ||
| 035 | _a(Sirsi) u106105 | ||
| 050 | _a338.9 | ||
| 110 |
_aUnited Kingdom _bNational Audit Office _91350 |
||
| 245 | 4 | _aThe private finance initiative : the first four design, build, finance and operate roads contracts. | |
| 260 |
_aLondon _bStationery Office _c1998 |
||
| 300 | _a78p. ; 30cm. | ||
| 350 | _a10.75 | ||
| 490 |
_aHCP _v476 |
||
| 650 | _aDBFO | ||
| 650 | _aPROPERTY-INFRASTRUCTURE-TRANSPORT INFRASTRUCTURE-ROAD INFRASTRUCTURE | ||
| 650 | _aDEPARTMENT OF THE ENVIRONMENT, TRANSPORT AND THE REGIONS | ||
| 650 | _aHIGHWAYS AGENCY | ||
| 650 | _aDEPARTMENT OF TRANSPORT | ||
| 650 | _aPRIVATE FINANCE INITIATIVE | ||
| 690 | _aMANAGEMENT-BUSINESS MANAGEMENT-FINANCIAL MANAGEMENT | ||
| 942 | _n0 | ||
| 999 |
_c100517 _d100517 |
||